Kỹ thuật xử lý nước thải

Giới thiệu chung về nước và xử lí ô nhiễm môi trường nước, đặc trưng chủ yếu của nước thải và các phương pháp phân tích xác định một số chỉ tiêu của nước thải; kĩ thuật xử lí nước thải sơ bộ bằng phương pháp trung hoà, lắng g...

Volledige beschrijving

Bewaard in:
Bibliografische gegevens
Hoofdauteur: Trịnh, Lê Hùng
Formaat: Boek
Taal:Undetermined
Gepubliceerd in: H. Giáo dục Việt Nam 2009
Onderwerpen:
Online toegang:http://lrc.tdmu.edu.vn/opac/search/detail.asp?aID=2&ID=7290
Tags: Voeg label toe
Geen labels, Wees de eerste die dit record labelt!
Thư viện lưu trữ: Trung tâm Học liệu Trường Đại học Thủ Dầu Một
LEADER 01198nam a2200205Ia 4500
001 TDMU_7290
008 210410s9999 xx 000 0 und d
082 |a 628.3 
090 |b TR312 
100 |a Trịnh, Lê Hùng 
245 0 |a Kỹ thuật xử lý nước thải 
245 0 |c Pgs.Ts.Trịnh Lê Hùng 
260 |a H. 
260 |b Giáo dục Việt Nam 
260 |c 2009 
300 |a 175tr 
520 |a Giới thiệu chung về nước và xử lí ô nhiễm môi trường nước, đặc trưng chủ yếu của nước thải và các phương pháp phân tích xác định một số chỉ tiêu của nước thải; kĩ thuật xử lí nước thải sơ bộ bằng phương pháp trung hoà, lắng gạn, lắng nhanh bằng phương pháp sinh học..., và một số công trình xử lí nước thải 
650 |a Phương pháp sinh học; Phương pháp hóa học; Kỹ thuật xử lí chất thải 
856 |u http://lrc.tdmu.edu.vn/opac/search/detail.asp?aID=2&ID=7290 
980 |a Trung tâm Học liệu Trường Đại học Thủ Dầu Một